01447cam a2200217 4500001000500000005001700005008003900022010001600061020002000077100003100097245007900128260003000207300005600237500004600293500002000339505068600359600003101045650003101076651005801107651006401165588920181127180500.0790910s1979 ii cf 001 0 eng a 79901443 a9788121213493c1 aKaul, Triloki Nath,d1913-10aDiplomacy in peace and war :brecollections and reflections /cT. N. Kaul. aNew Delhi :bGyan,c2016. ax, 251 p., [4] leaves of plates :bports. ;c23 cm. aDonated by Ashi Kesang Choden Wangchuck.  aIncludes index. aLegacy of Gandhi --Stalin's Russia -- Truman's America -- China Calling -- En-route to Peking -- Mao's China -- Tibet -- India and China -- China(Early Fifties) -- Farewell to China -- Return of the Native -- Nehru's policy and External Affairs Ministry( Nepal, Bhutan, Sikkim) -- The Panchsheel Agreement -- Sino-Indian Relations -- Khruschev's Russia -- The Soviet Leaders and People -- Nehru, Shastri and Tashkent -- Tashkent Conference -- The Emergence of Indira Gandhi -- Rise of Indira Gandhi -- Indo-Bangladesh Treaty and Simla Agreement-- Further Rise and Fall of Indira Gandhi -- Nixon's America -- The "other" American(and Other Worlds) -- India Today. grt10aKaul, Triloki Nath,d1913- 0aWorld politicsy1945-1989. aIndia -- Foreign relations -- 20th century.vxyz2 aIndia -- Politics and government -- 20th century.vxyz2